Scheme for establishing a project for production of modern solid block rubber (Record no. 68440)

MARC details
000 -LEADER
fixed length control field 00396nam a2200133Ia 4500
100 ## - MAIN ENTRY--AUTHOR NAME
Personal name Bhaskara Pillai V
245 #0 - TITLE STATEMENT
Title Scheme for establishing a project for production of modern solid block rubber
260 ## - PUBLICATION, DISTRIBUTION, ETC. (IMPRINT)
Name of publisher Souvenir, Rubber Planters Conference India, 1974
Year of publication 1974
300 ## - PHYSICAL DESCRIPTION
Number of Pages 77-83
650 ## - SUBJECT ADDED ENTRY--TOPICAL TERM
Topical Term ISNR
700 ## - ADDED ENTRY--PERSONAL NAME
Personal name Thomas E V
942 ## - ADDED ENTRY ELEMENTS (KOHA)
Koha item type Journals
Holdings
Withdrawn status Lost status Damaged status Not for loan Home library Current library Shelving location Date acquired Koha item type
      Journals RRII Library RRII Library Rubber chemistry 17/12/2021 Journals